Diccionario del Vaticano II

Bewaard in:
Bibliografische gegevens
Hoofdauteur: Molina Martínez, Miguel Ángel (autor)
Formaat: Boek
Taal:Spaans
Gepubliceerd in: Madrid B.A.C 1991
Editie:4a. ed
Onderwerpen:
Tags: Voeg label toe
Geen labels, Wees de eerste die dit record labelt!

MARC

LEADER 00000nam a2200000 a 4500
001 UCM9747
003 CL-VaPUC
008 030516e19910000SP |||||||||||||||||spa|d
082 0 4 |a 262.503  |b MOL  |2 21 
100 |a Molina Martínez, Miguel Ángel  |e autor  |9 476321 
245 1 0 |a Diccionario del Vaticano II 
250 |a 4a. ed 
300 |a 667 p 
942 |c BK 
945 |d 20030516 00:00:00  |a cmena 
260 |a Madrid  |b B.A.C  |c 1991 
650 0 |a Concilio Vaticano II  |9 258399 
650 0 |a Diccionarios  |9 256200 
650 0 |a Español  |9 255372 
583 |a last modification  |c 20030516 00:00:00  |k Rodrigo Vera 
999 |c 303876  |d 303874 
952 |0 0  |1 0  |4 0  |6 262_503000000000000_MOL_1991  |7 0  |8 DER_HDC  |9 365454  |a BIBDER  |b BIBDER  |d 2019-11-21  |i 390301K  |o 262.503 MOL 1991  |p 390301K  |r 2023-01-25  |w 2019-11-21  |x Ubicación 4to Piso  |y BK_F  |z Estos recursos deben solicitarse con anticipación  |k DER